| 000 | 00988nam a22002895a 4500 | ||
|---|---|---|---|
| 005 | 20201128021455.0 | ||
| 008 | 150804b xxu||||| |||| 00| 0 eng d | ||
| 020 | _a1292040319 | ||
| 020 | _a9781292040318 | ||
| 040 |
_aEG-ScBUE _beng _cEG-ScBUE |
||
| 082 | 0 | 4 |
_222 _a153.6 _bBEE |
| 100 | 1 |
_aBeebe, Steven A. _938938 |
|
| 245 | 1 | 0 |
_aInterpersonal communication : _brelating to others / _cBeebe, Beebe, Redmond. |
| 250 | _37th ed., Pearson new International ed. | ||
| 260 |
_aHarlow : _bPearson Education Limited, _cc.2014. |
||
| 300 |
_aii, 370 p. : _bill. (col.) ; _c24 cm. |
||
| 500 | _aIndex : p. 359-369. | ||
| 504 | _aIncludes bibliographical references. | ||
| 650 | 7 |
_2BUEsh _aInterpersonal communication. _9821 |
|
| 650 | 7 |
_aInterpersonal relations _2BUEsh _9820 |
|
| 650 |
_aBody language _94722 _2BUEsh |
||
| 651 | _2BUEsh | ||
| 653 |
_bBUSADM _cAugust2015 _cDecember2015 |
||
| 700 | 1 | _aBeebe, Susan J. | |
| 700 | 1 |
_aRedmond, Mark V. _923509 |
|
| 942 |
_2ddc _k153.6 BEE |
||
| 999 |
_c20467 _d20439 |
||